000 01075nam1a2200277 i 4500
001 v19\rc\1191016
005 20241225153756.0
035 _arc\1191016
035 _a(NLR Aleph) 005194223
090 _a5244310
_c5244310
100 _a20060306g18429999|||y0rusy50 ca
101 0 _arus
102 _aRU
105 _a z |||||
135 _acrmn mmmaaada
200 1 _aКартинки русских нравов
_eкн. 1-6
210 _aСанкт-Петербург
_cиздание Ю.А. Юнгмейстера
_d1842
215 _d11
300 _aВ кн. 2-5 указание на издателя отсутствует. Кн. 3-5 напеч. в тип. Journal de St.-Petersbourg
309 _aВ кн. 1-2 общ. тит. л. отсутствует. Описано по шмуцтит. На тит. листах 1-2 кн. частные загл. выпусков
801 0 _aRU
_bNLR
_c20060306
_gpsbo
801 1 _aRU
_bProSoft-M
_c20060306
_2rusmarc
801 2 _aRU
_bNLR
_c20110418
_2rusmarc
852 _aNLR
_j330-Б/21(1-6)
942 _cBOOK